[Event "Mecklenburg VP LL2 West 2223"]
[Site "Mecklenburg VP"]
[Date "2022.11.27"]
[Round "3.2"]
[White "Fleischer, Martin"]
[Black "Ruesch, Hans Joachim"]
[Result "0-1"]
[WhiteElo "1830"]
[BlackElo "2056"]
[PlyCount "70"]
[EventDate "2022.10.23"]
[EventType "team-tourn"]
[EventRounds "9"]
[EventCountry "GER"]
[SourceTitle "EXT 2024"]
[Source "ChessBase"]
[SourceDate "2023.10.10"]
[SourceVersion "1"]
[SourceVersionDate "2023.10.10"]
[SourceQuality "1"]
[WhiteTeam "Schwerin SV Einheit"]
[BlackTeam "Rostock Uni"]
[WhiteTeamCountry "GER"]
[BlackTeamCountry "GER"]

1. e4 g6 2. Nf3 Bg7 3. c3 d6 4. Bc4 Nf6 5. Qe2 0-0 6. d3 c6 7. Bb3 e5 8. Bg5 Nbd7 9. h3 Nc5 10. Bc2 Qc7 11. b4 Ne6 12. Bxf6 Bxf6 13. g3 b6 14. Nbd2 d5 15. c4 Bb7 16. Bb3 Rfe8 17. cxd5 cxd5 18. exd5 Nf4 19. Qd1 Nxd3+ 20. Kf1 Nxf2 21. Kxf2 e4 22. Nxe4 Rxe4 23. Rc1 Qd6 24. a3 Rae8 25. Re1 Rxe1 26. Nxe1 Bb2 27. Rc2 Bxa3 28. b5 Bc5+ 29. Kg2 Re3 30. Nf3 Rxb3 31. Rxc5 Rxf3 32. Rc8+ Bxc8 33. Qxf3 Bb7 34. Qe3 Qxd5+ 35. Kf1 Qf3+ 0-1

[Event "Mecklenburg VP LL2 West 2223"]
[Site "Mecklenburg VP"]
[Date "2022.10.23"]
[Round "1.2"]
[White "Fleischer, Martin"]
[Black "Kross, Gunnar"]
[Result "0-1"]
[WhiteElo "1830"]
[BlackElo "2049"]
[PlyCount "116"]
[EventDate "2022.10.23"]
[EventType "team-tourn"]
[EventRounds "9"]
[EventCountry "GER"]
[SourceTitle "EXT 2024"]
[Source "ChessBase"]
[SourceDate "2023.10.10"]
[SourceVersion "1"]
[SourceVersionDate "2023.10.10"]
[SourceQuality "1"]
[WhiteTeam "Schwerin SV Einheit"]
[BlackTeam "Grevesmuehlen Blau Weiss"]
[WhiteTeamCountry "GER"]
[BlackTeamCountry "GER"]

1. e4 c6 2. Nf3 d5 3. exd5 cxd5 4. d4 Nc6 5. c3 Bg4 6. Bd3 Nf6 7. h3 Bh5 8. Nbd2 e6 9. Qe2 Bd6 10. 0-0 0-0 11. Re1 Rc8 12. Qf1 Nd7 13. g4 Bg6 14. Bxg6 hxg6 15. Qg2 e5 16. Nb3 e4 17. Nh2 f5 18. gxf5 gxf5 19. Bg5 Qc7 20. Kh1 Nf6 21. Bxf6 Rxf6 22. Nf1 Qf7 23. Ne3 Rg6 24. Qf1 Ne7 25. Ng2 Rh6 26. h4 f4 27. f3 Qf5 28. Kg1 Ng6 29. Re2 Nxh4 30. Nxh4 Rxh4 31. Rg2 e3 32. Rh2 Rxh2 33. Kxh2 Kf7 34. Qh3 Qc2+ 35. Kh1 Re8 36. Qd7+ Be7 37. Qxd5+ Kf8 38. Nc5 Bxc5 39. Qxc5+ Kg8 40. Qd5+ Kh8 41. Qh5+ Qh7 42. Qxh7+ Kxh7 43. Kg2 g5 44. c4 Kg6 45. Kf1 Rh8 46. Ke2 Rh2+ 47. Kd3 Rxb2 48. d5 Kf5 49. Kd4 b6 50. a4 Rd2+ 51. Kc3 Rf2 52. a5 Rxf3 53. axb6 axb6 54. Re1 Ke5 55. Kd3 e2+ 56. Kxe2 Re3+ 57. Kf2 Rxe1 58. Kxe1 b5 0-1

[Event "MVP-ch Seniors op 19th"]
[Site "Ostseebad Binz"]
[Date "2019.12.01"]
[Round "5"]
[White "Wenske, Hardy"]
[Black "Fleischer, Martin"]
[Result "1/2-1/2"]
[WhiteElo "1689"]
[BlackElo "1902"]
[PlyCount "112"]
[EventDate "2019.11.27"]
[EventType "swiss"]
[EventRounds "9"]
[EventCountry "GER"]
[SourceTitle "EXT 2021"]
[Source "ChessBase"]
[SourceDate "2020.10.23"]
[SourceVersion "1"]
[SourceVersionDate "2020.10.23"]
[SourceQuality "1"]

1. Nf3 d5 2. d4 Nf6 3. e3 e6 4. Bd3 c5 5. c3 Nc6 6. Nbd2 cxd4 7. exd4 Bd6 8. 0-0 a6 9. Re1 Qc7 10. Qe2 0-0 11. Ne5 Ne7 12. Nf1 Ng6 13. Nxg6 fxg6 14. Bg5 Bxh2+ 15. Nxh2 Qf7 16. Bxf6 gxf6 17. Ng4 Kg7 18. Qd2 g5 19. Nh2 Bd7 20. Qe3 h6 21. Re2 Rfe8 22. Qg3 Rac8 23. Rae1 Rh8 24. Ng4 h5 25. Nxf6 Qxf6 26. Qe5 Qxe5 27. Rxe5 Kf6 28. R1e3 g4 29. Rg3 Rcg8 30. Be2 Ke7 31. Rge3 Kd6 32. Rg3 Rf8 33. f3 Rf5 34. fxg4 hxg4 35. Rxg4 Rxe5 36. dxe5+ Kxe5 37. Bd3 Rh6 38. g3 Kd6 39. Rg6 Rxg6 40. Bxg6 e5 41. Kf2 e4 42. Ke3 Ke5 43. Bh5 a5 44. a3 Ba4 45. Bf7 Bb3 46. Bh5 b5 47. Be2 b4 48. axb4 axb4 49. Bg4 bxc3 50. bxc3 Ba4 51. Be2 Bd7 52. Bh5 Bh3 53. Be2 Be6 54. Bh5 Kf5 55. Be2 Kg5 56. Kd4 Kf5 1/2-1/2

[Event "MVP-ch Seniors op 18th"]
[Site "Ostseebad Binz"]
[Date "2018.12.01"]
[Round "4"]
[White "Fleischer, Martin"]
[Black "Blodig, Reinhard"]
[Result "1/2-1/2"]
[WhiteElo "1908"]
[BlackElo "2041"]
[PlyCount "74"]
[EventDate "2018.11.28"]
[EventType "swiss"]
[EventRounds "9"]
[EventCountry "GER"]
[SourceTitle "CBM 188 Extra"]
[Source "ChessBase"]
[SourceDate "2019.02.26"]
[SourceVersion "1"]
[SourceVersionDate "2019.02.26"]
[SourceQuality "1"]

1. e4 d6 2. d4 g6 3. Nf3 Bg7 4. Bd3 Nf6 5. c3 0-0 6. 0-0 Nbd7 7. h3 e5 8. Bg5 h6 9. Be3 Re8 10. Qc2 Nh5 11. g3 Nf8 12. Kg2 Ne6 13. Ng1 exd4 14. cxd4 Nxd4 15. Qd2 Ne6 16. Bxh6 Bxh6 17. Qxh6 Qf6 18. Nc3 c6 19. f4 Nc5 20. Bc2 Be6 21. f5 Bc4 22. Rf2 b5 23. fxg6 Qxg6 24. Qxg6+ fxg6 25. g4 b4 26. gxh5 bxc3 27. b3 Bd3 28. Bxd3 Nxd3 29. Rf3 Ne5 30. Rxc3 gxh5 31. Nf3 Rac8 32. Rd1 Nxf3 33. Kxf3 Re6 34. Rg1+ Kh7 35. Rg5 Kh6 36. Rf5 c5 37. Kf4 Rce8 1/2-1/2

[Event "MVP-ch Seniors op 17th"]
[Site "Binz"]
[Date "2017.12.04"]
[Round "6.28"]
[White "Fleischer, Martin"]
[Black "Zschunke, Werner"]
[Result "0-1"]
[WhiteElo "1911"]
[BlackElo "2006"]
[PlyCount "178"]
[EventDate "2017.11.29"]
[EventType "swiss"]
[EventRounds "9"]
[EventCountry "GER"]
[SourceTitle "EXT 2019"]
[Source "ChessBase"]
[SourceDate "2018.10.10"]
[SourceVersion "1"]
[SourceVersionDate "2018.10.10"]
[SourceQuality "1"]

1. e4 c5 2. c3 g6 3. Nf3 Nf6 4. Qc2 Bg7 5. Bc4 d6 6. 0-0 0-0 7. a3 Bg4 8. Ne1 Nc6 9. f3 Bd7 10. d3 a6 11. Bg5 b5 12. Ba2 h6 13. Be3 Qc8 14. Nd2 Be6 15. Bxe6 Qxe6 16. Qb3 Qxb3 17. Nxb3 Nd7 18. Nc2 Nce5 19. d4 Nc4 20. Bc1 Rfc8 21. dxc5 Nxc5 22. Nxc5 Rxc5 23. Ne3 Nxe3 24. Bxe3 Rc4 25. Rfd1 Rd8 26. Rd3 f5 27. exf5 gxf5 28. f4 Rdc8 29. Rad1 Kf7 30. g3 Bf8 31. Bd4 e6 32. Kg2 Be7 33. Kf3 h5 34. Re1 d5 35. Rde3 R4c6 36. h3 Rg8 37. Rg1 Rcc8 38. Re2 Rg6 39. g4 hxg4+ 40. hxg4 fxg4+ 41. Rxg4 Rxg4 42. Kxg4 Rg8+ 43. Kf3 a5 44. Rh2 a4 45. Rh7+ Ke8 46. Rh5 Bd6 47. Be5 Kd7 48. Rh7+ Kc6 49. Rh6 Bxe5 50. fxe5 Re8 51. Ke3 Kc5 52. Kd3 Re7 53. Rh8 Rg7 54. Rc8+ Kb6 55. Re8 Rg6 56. Kd4 Kc6 57. Rc8+ Kd7 58. Rc5 Rg4+ 59. Kd3 Rg3+ 60. Kc2 Re3 61. Rxb5 Rxe5 62. Rb4 Re2+ 63. Kd3 Rh2 64. Kd4 Kc6 65. Kd3 e5 66. Rxa4 Rxb2 67. Ra8 Rh2 68. Rb8 Ra2 69. Ra8 Kb5 70. Rd8 e4+ 71. Ke3 Kc5 72. Rc8+ Kd6 73. Ra8 Rc2 74. Rd8+ Ke6 75. Kd4 Rd2+ 76. Kc5 Rd3 77. Re8+ Kf5 78. Rf8+ Kg4 79. a4 e3 80. Re8 Kf3 81. Rf8+ Kg2 82. Re8 Kf2 83. Rf8+ Ke1 84. a5 Rxc3+ 85. Kxd5 Ra3 86. Ke4 e2 87. Rf5 Kd1 88. Rd5+ Kc2 89. Rc5+ Rc3 0-1

[Event "Schleswig Holstein-ch Seniors op 11th"]
[Site "Buesum"]
[Date "2017.09.10"]
[Round "3"]
[White "Achenbach, Manfred"]
[Black "Fleischer, Martin"]
[Result "1-0"]
[WhiteElo "2083"]
[BlackElo "1919"]
[PlyCount "86"]
[EventDate "2017.09.08"]
[EventType "swiss"]
[EventRounds "9"]
[EventCountry "GER"]
[SourceTitle "EXT 2019"]
[Source "ChessBase"]
[SourceDate "2018.10.10"]
[SourceVersion "1"]
[SourceVersionDate "2018.10.10"]
[SourceQuality "1"]

1. c4 e6 2. g3 Nf6 3. Bg2 d5 4. Nf3 Bd6 5. 0-0 c6 6. b3 e5 7. Bb2 Qe7 8. cxd5 cxd5 9. Nc3 Nc6 10. Nb5 Bb8 11. a4 a6 12. Ba3 Qd8 13. Nc3 e4 14. Ne1 Bd6 15. d3 Bxa3 16. Rxa3 Qe7 17. Nc2 Qc5 18. b4 Nxb4 19. Nxb4 Qxb4 20. Rb3 Qd4 21. dxe4 Qxd1 22. Rxd1 dxe4 23. Nxe4 Nxe4 24. Bxe4 0-0 25. a5 Be6 26. Rb6 Bc4 27. e3 f5 28. Bxb7 Rad8 29. Rbd6 Rb8 30. Bxa6 Bxa6 31. Rxa6 Ra8 32. Rdd6 Rac8 33. Ra7 Rf7 34. Rxf7 Kxf7 35. a6 Ke7 36. Rb6 Ra8 37. Kg2 h6 38. h4 Kf7 39. h5 Ke7 40. Kf3 Kf7 41. Kf4 Rf8 42. Kxf5 Ke7+ 43. Kg6 Ra8 1-0

[Event "MVP-ch Seniors op 16th"]
[Site "Binz"]
[Date "2016.11.23"]
[Round "1.66"]
[White "Scholz, Jutta"]
[Black "Fleischer, Martin"]
[Result "0-1"]
[WhiteElo "1603"]
[BlackElo "1936"]
[PlyCount "58"]
[EventDate "2016.11.23"]
[EventType "swiss"]
[EventRounds "9"]
[EventCountry "GER"]
[SourceTitle "EXT 2018"]
[Source "ChessBase"]
[SourceDate "2017.10.13"]
[SourceVersion "1"]
[SourceVersionDate "2017.10.13"]
[SourceQuality "1"]

1. e4 e6 2. d4 d5 3. exd5 exd5 4. Bd3 Nf6 5. Nf3 Be7 6. 0-0 Bg4 7. h3 Bh5 8. Nbd2 0-0 9. c3 Nbd7 10. b4 c6 11. Qc2 Bd6 12. Re1 Re8 13. Rxe8+ Qxe8 14. Ba3 a5 15. Re1 Qf8 16. Bc1 axb4 17. c4 dxc4 18. Bxc4 Bg6 19. Qd1 b5 20. Bb3 Re8 21. Nf1 Rxe1 22. Qxe1 Qe7 23. Qxe7 Bxe7 24. Ne5 Nxe5 25. dxe5 Nd7 26. e6 Nc5 27. exf7+ Bxf7 28. Bxf7+ Kxf7 29. Nd2 Nd3 0-1

[Event "Mecklenburg VP LL2 West 1617"]
[Site "Mecklenburg VP"]
[Date "2016.11.20"]
[Round "3.4"]
[White "Kutschke, Peter"]
[Black "Fleischer, Martin"]
[Result "1-0"]
[WhiteElo "1934"]
[BlackElo "1725"]
[PlyCount "65"]
[EventDate "2016.10.16"]
[EventType "team-tourn"]
[EventRounds "9"]
[EventCountry "GER"]
[SourceTitle "EXT 2022"]
[Source "ChessBase"]
[SourceDate "2021.10.06"]
[SourceVersion "1"]
[SourceVersionDate "2021.10.06"]
[SourceQuality "1"]
[WhiteTeam "Schwerin SF III"]
[BlackTeam "Schwerin SV Einheit"]
[WhiteTeamCountry "GER"]
[BlackTeamCountry "GER"]

1. e4 e6 2. c4 c5 3. Nf3 Nc6 4. d4 cxd4 5. Nxd4 Bb4+ 6. Nc3 Nge7 7. a3 Bxc3+ 8. bxc3 Qa5 9. Bd2 a6 10. Be2 Qe5 11. Nxc6 bxc6 12. Qc2 h6 13. Be3 c5 14. Rb1 g5 15. 0-0 Ng6 16. g3 Qc7 17. Rfd1 d6 18. Qb3 Ke7 19. Qb6 Qxb6 20. Rxb6 Rd8 21. Rbxd6 Bb7 22. Bxc5 Rxd6 23. Bxd6+ Ke8 24. f3 Ne7 25. Rb1 Bc8 26. c5 Nc6 27. Kf2 Ra7 28. Rb6 Kd7 29. f4 Ne7 30. fxg5 hxg5 31. h4 gxh4 32. gxh4 f5 33. Bf3 1-0